000 00799nam a2200253Ia 4500
003 OSt
005 20220923220925.0
006 a|||||r|||| 00| 0
007 ta
008 220922b |||||||| |||| 00| 0 hin d
024 _a192,274
037 _cTextual
040 _aARTS
_cARTS
_bhin
041 _2hin
_ahin
082 _aT:3(O152), 152M3
100 _aनागप्पा, ना0
245 0 _aहिन्दी साहित्य का अध्यापन
246 _aHindī sāhitya kā adhyāpana
260 _aआगरा
_b केन्दीय संस्थान
_c1983
300 _a70पृ.
_ccm.
650 _aशिक्षण
_9156320
942 _hT:3(O152), 152M3
_cTEXL
_2CC
999 _c344894
_d344894